Code of practice (Record no. 115685)

MARC details
000 -LEADER
fixed length control field 01127cad a22002295a 4500
001 - CONTROL NUMBER
control field L159119
008 - FIXED-LENGTH DATA ELEMENTS--GENERAL INFORMATION
fixed length control field 111125s2014 xxk f 000 0 eng d
020 ## - INTERNATIONAL STANDARD BOOK NUMBER
International Standard Book Number 9781474112727
035 ## - SYSTEM CONTROL NUMBER
System control number (Sirsi) u159119
041 0# - LANGUAGE CODE
Language code of text/sound track or separate title eng
110 2# - MAIN ENTRY--CORPORATE NAME
Corporate name or jurisdiction name as entry element United Kingdom
Subordinate unit Home Office
9 (RLIN) 4882
245 00 - TITLE STATEMENT
Title Code of practice
Remainder of title Powers of entry
Medium [electronic resource]
260 ## - PUBLICATION, DISTRIBUTION, ETC.
Place of publication, distribution, etc. London
Name of publisher, distributor, etc. Home Office
Date of publication, distribution, etc. 2014
520 ## - SUMMARY, ETC.
Summary, etc. Provides guidance and sets out considerations that apply to the exercise of powers of entry including, where appropriate, the need to minimise disruption to business. It will ensure greater consistency in the exercise of powers of entry, and greater clarity for those affected by them, while upholding effective enforcement. Effective from 6 April 2015.
590 ## - LOCAL NOTE (RLIN)
Local note KA NTK
650 24 - SUBJECT ADDED ENTRY--TOPICAL TERM
Topical term or geographic name entry element Protection of Freedoms Act 2012
651 #4 - SUBJECT ADDED ENTRY--GEOGRAPHIC NAME
Geographic name United Kingdom
690 ## - LOCAL SUBJECT ADDED ENTRY--TOPICAL TERM (OCLC, RLIN)
Topical term or geographic name as entry element Land use
9 (RLIN) 6251
690 ## - LOCAL SUBJECT ADDED ENTRY--TOPICAL TERM (OCLC, RLIN)
Topical term or geographic name as entry element Residential property
9 (RLIN) 6266
856 40 - ELECTRONIC LOCATION AND ACCESS
Uniform Resource Identifier <a href="https://www.gov.uk/government/uploads/system/uploads/attachment_data/file/383079/Code_of_Practice_-_Powers_of_Entry__web_.pdf">https://www.gov.uk/government/uploads/system/uploads/attachment_data/file/383079/Code_of_Practice_-_Powers_of_Entry__web_.pdf</a>
Public note View the Code free of charge at www.gov.uk
942 ## - ADDED ENTRY ELEMENTS (KOHA)
Suppress in OPAC 0
Holdings
Withdrawn status Lost status Source of classification or shelving scheme Damaged status Not for loan Home library Current library Shelving location Date acquired Total Checkouts Full call number Barcode Date last seen Copy number Price effective from Koha item type
    Dewey Decimal Classification     Virtual Virtual Online 02/02/2016   ONLINE PUBLICATION 159119-2001 06/08/2019 1 06/08/2019 Book